| 000 | 01388nam0a2200301 4500 | ||
|---|---|---|---|
| 001 | RU\NLR\BIBL_A\011691427 | ||
| 005 | 20260407123534.0 | ||
| 021 |
_aRU _b49-405880 |
||
| 035 | _a(NLR Aleph) 011691427 | ||
| 090 |
_a11340506 _c11340506 |
||
| 100 | _a20180503d1949 |||y0rusy50 ca | ||
| 101 | 0 | _arus | |
| 102 | _aRU | ||
| 105 | _ay|||a|||000zy | ||
| 200 | 1 |
_aМорская практика _eкраткий указатель литературы _fЦентральная военно-морская библиотека _g[составитель: А.И. Архипов] |
|
| 210 |
_aЛенинград _c[б. и.] _d1949 _eтип. УВММ |
||
| 215 |
_a12, [1] с. _d14 |
||
| 225 | 1 | _aЧто читать матросу о военно-морском деле | |
| 606 | 1 |
_aВоенные корабли _jИздательские и книготорговые каталоги _xЭксплуатация _92261395 _3RU\NLR\AUTH\661355874 |
|
| 686 | 1 | _aЦ661.1-92я182 | |
| 700 | 1 |
_aАрхипов _bА.И. _gАлександр Иванович |
|
| 712 | 0 | 2 |
_aЦентральная военно-морская библиотека _cЛенинград _3RU\NLR\AUTH\889962853 _9422007 |
| 852 |
_aNLR _jс357-420/А-87 |
||
| 942 | _cBOOK | ||
| 980 | _aNB | ||